Schaum's outline of theory and porblems of statistics (Record no. 7820)

000 -LEADER
fixed length control field 00583nam a22002177a 4500
001 - CONTROL NUMBER
control field 7820
003 - CONTROL NUMBER IDENTIFIER
control field BD-DhUET
008 - FIXED-LENGTH DATA ELEMENTS--GENERAL INFORMATION
fixed length control field 141213b xxu||||| |||| 00| 0 eng d
020 ## - INTERNATIONAL STANDARD BOOK NUMBER
International Standard Book Number 070602271
020 ## - INTERNATIONAL STANDARD BOOK NUMBER
International Standard Book Number 0070990085
040 ## - CATALOGING SOURCE
Transcribing agency 0
Modifying agency BD-DhUET
082 ## - DEWEY DECIMAL CLASSIFICATION NUMBER
Classification number 519.9
Item number SPI/1961
100 ## - MAIN ENTRY--PERSONAL NAME
Personal name Spiegel, Murray R.
245 ## - TITLE STATEMENT
Title Schaum's outline of theory and porblems of statistics
Statement of responsibility, etc. in SI units
250 ## - EDITION STATEMENT
Edition statement 1st ed.
260 ## - PUBLICATION, DISTRIBUTION, ETC. (IMPRINT)
Place of publication, distribution, etc. New York
Name of publisher, distributor, etc. McGraw-Hill
Date of publication, distribution, etc. 1961
300 ## - PHYSICAL DESCRIPTION
Extent vii, 359p.
Other physical details ill.
Dimensions 35 cm.
490 ## - SERIES STATEMENT
Series statement Schau's outline series
650 #0 - SUBJECT ADDED ENTRY--TOPICAL TERM
Topical term or geographic name as entry element Statistical mathematics
942 ## - ADDED ENTRY ELEMENTS (KOHA)
Koha item type General Book
Holdings
Price effective from Copy number Shelving location Withdrawn status Damaged status Piece designation (barcode) Sublocation or collection (holding branch) Date acquired Koha date last seen Lost status Koha item type Not for loan Location (home branch) Koha full call number Koha normalized classification for sorting Source of classification or shelving scheme
2014-12-131Circulation section  31835Central Library, BUET2014-12-132014-12-13 General Book Central Library, BUET519.9/SPI/1961519_900000000000000_SPI_1961 
2014-12-132Circulation section  31855Central Library, BUET2014-12-132014-12-13 General Book Central Library, BUET519.9/SPI/1961519_900000000000000_SPI_1961 
2014-12-133Circulation section  31842Central Library, BUET2014-12-132014-12-13 General Book Central Library, BUET519.9/SPI/1961519_900000000000000_SPI_1961 
2014-12-134Circulation section  31824Central Library, BUET2014-12-132014-12-13 General Book Central Library, BUET519.9/SPI/1961519_900000000000000_SPI_1961 
2014-12-135Circulation section  31814Central Library, BUET2014-12-132014-12-13 General Book Central Library, BUET519.9/SPI/1961519_900000000000000_SPI_1961 
2014-12-136Circulation section  31841Central Library, BUET2014-12-132014-12-13 General Book Central Library, BUET519.9/SPI/1961519_900000000000000_SPI_1961 
2014-12-137Circulation section  31818Central Library, BUET2014-12-132014-12-13 General Book Central Library, BUET519.9/SPI/1961519_900000000000000_SPI_1961 
2014-12-138Circulation section  31861Central Library, BUET2014-12-132014-12-13 General Book Central Library, BUET519.9/SPI/1961519_900000000000000_SPI_1961 
2014-12-139Circulation section  31823Central Library, BUET2014-12-132014-12-13 General Book Central Library, BUET519.9/SPI/1961519_900000000000000_SPI_1961 
2014-12-1310Circulation section  31862Central Library, BUET2014-12-132014-12-13 General Book Central Library, BUET519.9/SPI/1961519_900000000000000_SPI_1961 
2014-12-1311Circulation section  31856Central Library, BUET2014-12-132014-12-13 General Book Central Library, BUET519.9/SPI/1961519_900000000000000_SPI_1961 
2015-07-0912Reading section  31387Central Library, BUET2015-07-092015-07-09 Reading Item Central Library, BUET519.9/SPI/1961519_900000000000000_SPI_1961